Các phương pháp đếm trong lý thuyết tổ hợp
Các nguyên lý đếm và bài toán đếm cơ bản. Các phương pháp đếm dùng hàm sinh. Một số phương pháp và kỹ thuật đếm cơ bản khác
Wedi'i Gadw mewn:
| Prif Awdur: | |
|---|---|
| Awduron Eraill: | |
| Fformat: | Llyfr |
| Iaith: | Vietnamese |
| Cyhoeddwyd: |
Đà Nẵng
Đại học Đà Nẵng
2011
|
| Pynciau: | |
| Tagiau: |
Ychwanegu Tag
Dim Tagiau, Byddwch y cyntaf i dagio'r cofnod hwn!
|
| Thư viện lưu trữ: | Mạng thư viện Đại học Đà Nẵng |
|---|
| LEADER | 01503nam a2200361 4500 | ||
|---|---|---|---|
| 001 | 000010286 | ||
| 003 | 6488 | ||
| 005 | 20111212141217.0 | ||
| 008 | 111212s2011 viesd | ||
| 041 | |a vie | ||
| 072 | |a Luận văn Thạc sĩ Khoa học | ||
| 082 | |a 512.5 |b ĐA-Đ | ||
| 100 | |a Đặng Thục Đoan | ||
| 245 | |a Các phương pháp đếm trong lý thuyết tổ hợp |c Đặng Thục Đoan | ||
| 260 | |a Đà Nẵng |b Đại học Đà Nẵng |c 2011 | ||
| 300 | |a 76 tr. |c 29 cm |e CD. Bản tóm tắt | ||
| 500 | |a Luận văn Thạc sĩ. Chuyên ngành: Phương pháp toán sơ cấp. Mã số: 60.46.40 | ||
| 520 | |a Các nguyên lý đếm và bài toán đếm cơ bản. Các phương pháp đếm dùng hàm sinh. Một số phương pháp và kỹ thuật đếm cơ bản khác | ||
| 653 | |a Phương pháp đếm | ||
| 653 | |a Lý thuyết tổ hợp | ||
| 653 | |a Luận văn Thạc sĩ Toán sơ cấp | ||
| 653 | |a Toán học | ||
| 700 | |a Nguyễn Gia Định |c PGS.TS |e Hướng dẫn | ||
| OWN | |a LSP | ||
| AVA | |a UDN50 |b LSP |d 512.5 ĐA-Đ |e available |t Error 5001 Not defined in file expand_doc_bib_avail. |f 1 |g 0 |h N |i 0 |k 1 | ||
| 999 | |a From the UDN01 | ||
| AVA | |a UDN50 |b LSP |d 512.5 ĐA-Đ |e available |t Error 5001 Not defined in file expand_doc_bib_avail. |f 1 |g 0 |h N |i 0 |k 1 | ||
| TYP | |a Monograph | ||
| TYP | |a Printed language | ||
| 980 | |a Mạng thư viện Đại học Đà Nẵng | ||